| 000 | 01242nam a22002177a 4500 | ||
|---|---|---|---|
| 003 | St Aloysius Coll | ||
| 005 | 20260223135614.0 | ||
| 008 | 260221b |||||||| |||| 00| 0 eng d | ||
| 020 | _a9781035035205 | ||
| 040 | _cAL | ||
| 041 | _aEnglish | ||
| 082 |
_bMCQR _a813.6 |
||
| 100 |
_aCasey McQuiston _9256380 |
||
| 245 | _aRed white and royal blue | ||
| 260 |
_aLondon _bMacmillan _c2022 |
||
| 300 |
_a440p. _bPB _c19.5x13cm |
||
| 365 |
_2General _a6073 _b₹479.00 _c₹ _d₹599.00 _e20% _f17/02/2026 |
||
| 520 | _aAbout the Book: Red, White and Royal Blue "" Instant New York Times and USA Today bestseller What happens when Americas First Son falls in love with the Prince of Wales? When his mother became President, Alex Claremont-Diaz was promptly cast as the American equivalent of a young royal. Handsome, charismatic, genius—his image is pure millennial-marketing gold for the White House. Theres only one problem: Alex has a beef with the actual prince, Henry, across the pond. And when the tabloids get hold of a photo involving an Alex-Henry altercation, U.S./British relations take a turn for the worse. Heads of family, state, and other handlers | ||
| 650 |
_2Literature _aAmerican Literature _9256446 |
||
| 942 |
_2ddc _cBK |
||
| 999 |
_c240940 _d240940 |
||